000 00468nam a2200181Ia 4500
008 090124s9999 xx 000 0 und d
082 _b34879
100 _aबोरकर वि.ज.
245 _a वंश
250 _a1
260 _bमौज प्रकाशन गृह
_c1996
300 _a103
600 _aबोरकर वि.ज.
630 _a वंश
700 _aबोरकर वि.ज.
730 _a वंश
942 _cBOOK
999 _c100806
_d100806